000 00305nam a22001457a 4500
008 210310b ||||| |||| 00| 0 eng d
020 _a0070546819
041 _aeng
080 _a004
082 _a004
100 _a28
101 _aSHKI
245 _aComputers Today
_cSanders,D.H
942 _2udc
_cBK
999 _c56252
_d56252